[Event "10th KiiT Festival 2017"]
[Site "Bhubaneshwar"]
[Date "2017.05.30"]
[Round "7"]
[White "Srijit Paul"]
[Black "Sai Krishna G V"]
[Result "1/2-1/2"]
[WhiteElo "2248"]
[BlackElo "2339"]
[Annotator "TA"]
[PlyCount "82"]
[EventDate "2017.05.26"]
[EventType "swiss"]
[EventCountry "IND"]
[SourceTitle "playchess.com"]
[Source "ChessBase"]
[SourceQuality "1"]

{[%evp 13,82,33,43,23,36,25,37,37,66,50,83,23,26,18,69,0,24,13,22,0,60,0,20,-9,0,0,42,45,87,20,45,-25,23,0,0,-46,0,0,20,0,0,0,0,-14,-31,-18,-24,-70,-70,-244,-230,-221,0,0,0,0,0,-59,0,0,0,0,0,-28,0,-62,0,-25,5,9,38]} 1. e4 e5 2. Nf3 Nc6 3. Bc4 Nf6 4. d3 Be7 5. O-O O-O 6. Re1 d6 7. a4 {[%cal Ba2a4,Ba4a5][%mdl 32]} h6 8. a5 {C55: Two Knights: 4 d3, 4 d4 exd4 5 e5 and Max Lange Attack} a6 9. c3 (9. h3 Nh7 10. Nc3 Ng5 11. Bxg5 Bxg5 12. Nd5 Bf6 13. c3 g6 14. Nxf6+ Qxf6 15. d4 Kg7 {1-0 (43) Malakhov,V (2695)-Wen,Y (2614) China 2016}) 9... Nh7 10. Nbd2 {White is slightly better.} g6 11. Nf1 $146 ({Predecessor:} 11. d4 Ng5 12. dxe5 Nxe5 13. Nxe5 dxe5 14. h4 Ne6 15. Nf3 Kg7 16. Qxd8 Rxd8 {1-0 (35) Alonso,S (2403)-Michel Yunis,C (2368) Santiago de Chile 2007}) 11... Kg7 12. Ng3 (12. Qd2 Ng5 $11) (12. d4 $16) 12... Ng5 $11 13. Nxg5 hxg5 (13... Bxg5 $11 14. Bd5 Rb8) 14. Qb3 (14. d4 $14) 14... Qd7 15. f3 f5 16. Nf1 Rb8 (16... g4 $11) 17. exf5 gxf5 18. Ne3 (18. d4 $5) 18... Bd8 19. h3 Ne7 20. d4 Ng6 {[%cal Be7g6,Bg6e5,Be5c6][%mdl 32]} 21. dxe5 (21. Bxa6 $16 c6 22. Bd3) 21... Nxe5 22. Bf1 (22. Bxa6 $1 $14 f4 23. Ng4) 22... Qe8 (22... f4 $5 {[%cal Rf4e3]} 23. Ng4 Nxg4 24. hxg4 (24. fxg4 Qc6 $11) 24... Qc6 $11) 23. Qd1 Qg6 24. Ra4 Bd7 (24... f4 $5 {[%cal Rf4e3]} 25. Nc4 Nc6 $11) 25. Rd4 Nc6 (25... g4 $5) 26. Ra4 Ne5 $36 {[%mdl 2048] White is under pressure.} 27. Rd4 g4 28. Nxg4 ({But not} 28. hxg4 fxg4 29. Nxg4 Bxg4 $17) 28... fxg4 {[#]} 29. Rxe5 $1 {[%mdl 512]} gxf3 {White must now prevent ...Bxh3.} (29... dxe5 30. Rxd7+) 30. Re3 Bg5 $1 {[%cal Rg5e3]} 31. Rd5 $2 (31. Ree4 $1 $15 fxg2 32. Bxg2 Bxc1 33. Re7+ Rf7 34. Rxf7+ Kxf7 35. Qxc1) 31... Bxe3+ $19 ({Less strong is} 31... f2+ 32. Kh1 $17) 32. Bxe3 {Hoping for Rg5.} Rf5 $2 ({Better is} 32... fxg2 $19 33. Bxg2 Bf5) 33. Qd4+ $11 Kg8 {[#] Threatens to win with ...fxg2.} 34. Rxf5 Bxf5 35. Qd5+ (35. Qc4+ $11 Qf7 36. gxf3) 35... Kh7 ({Black should try} 35... Kf8 $15 36. Qxf3 Ke7) 36. Qxf3 Be4 37. Qf4 Kg8 38. Qh4 Rf8 39. b4 (39. Bc4+ $11 d5 40. Bf1) 39... c6 (39... Kf7 $15) 40. Bd4 Rxf1+ 41. Kxf1 {Black should prevent Qd8+.} Qxg2+ {Precision: White = 19%, Black = 34%.} 1/2-1/2

[Event "10th KiiT Festival 2017"]
[Site "Bhubaneshwar"]
[Date "2017.05.30"]
[Round "7"]
[White "Singh, S  Vikramjit"]
[Black "Saravana, Krishnan P"]
[Result "1-0"]
[WhiteElo "2213"]
[BlackElo "2345"]
[Annotator "TA"]
[PlyCount "73"]
[EventDate "2017.05.26"]
[EventType "swiss"]
[EventCountry "IND"]
[SourceTitle "playchess.com"]
[Source "ChessBase"]
[SourceQuality "1"]

{[%evp 9,73,2,40,35,35,37,33,5,16,21,15,21,35,0,9,13,4,8,13,12,21,0,0,0,85,0,-8,-5,15,13,52,7,8,0,0,0,0,0,27,32,27,36,54,49,44,43,35,46,78,72,78,75,83,81,124,125,150,160,913,883,1472,1415,29970,29968,6331,6225]} 1. d4 Nf6 2. Nf3 e6 3. c4 b6 4. g3 Ba6 5. Qc2 Bb4+ 6. Bd2 {E15: Queen's Indian: 4 g3 sidelines, 4 g3 Ba6 and 4 g3 Bb7 early deviations} Be7 7. Bg2 c6 8. Bg5 {White is slightly better.} (8. O-O d5 9. b3 Nbd7 10. Bc3 dxc4 11. Bb2 cxb3 12. axb3 Bb7 13. Nbd2 Nd5 14. Ne5 Nb4 15. Qc1 O-O 16. Rd1 a5 17. Ndc4 Nf6 {½-½ (58) Adhiban,B (2666)-Zhigalko,S (2671) Doha 2016}) 8... h6 9. Bxf6 Bxf6 10. O-O O-O 11. Nbd2 d5 12. Rac1 Nd7 13. Rfd1 $146 ({Predecessor:} 13. Rfe1 c5 14. cxd5 exd5 {1-0 (37) Siebrecht,S (2456)-Roeder,M (2410) Ohrid 2009}) 13... Rc8 14. e4 Be7 15. cxd5 cxd5 16. Qa4 Nb8 {[#]} (16... Be2 $11 17. Re1 Rxc1 18. Rxc1 dxe4 19. Nxe4 a5) 17. exd5 (17. Rxc8 $1 $16 Qxc8 18. exd5) 17... Qxd5 $11 18. Ne5 Qd6 19. Nc6 (19. Ndc4 $5 {[%cal Rc4d6]} Qc7 20. Qc2 $11) 19... Be2 20. Nxe7+ Qxe7 21. Rxc8 Rxc8 22. Re1 Ba6 23. d5 $36 {[%mdl 2048] Black is under pressure.} Qd8 24. Nf1 exd5 25. Ne3 Qe8 26. Qd1 Qd7 {White should prevent ...d4.} 27. Bxd5 Re8 28. Qf3 Bd3 29. Rd1 Bg6 30. h4 h5 31. Ng2 Bc2 32. Rd4 {[#] Strongly threatening Bb3.} Bg6 33. Nf4 Nc6 $2 (33... Qf5 $16 34. Nxg6 Qxf3 35. Bxf3 fxg6) 34. Nxg6 $18 Re1+ 35. Kh2 Nxd4 36. Qxh5 {[%csl Gg6][%cal Rh5h8]} Nf3+ 37. Qxf3 {Precision: White = 80%, Black = 27%.} 1-0

[Event "10th KiiT Festival 2017"]
[Site "Bhubaneshwar"]
[Date "2017.05.30"]
[Round "7"]
[White "Yogit, S."]
[Black "Neelotpal, Das"]
[Result "0-1"]
[WhiteElo "2200"]
[BlackElo "2438"]
[Annotator "TA"]
[PlyCount "80"]
[EventDate "2017.05.26"]
[EventType "swiss"]
[EventCountry "IND"]
[SourceTitle "playchess.com"]
[Source "ChessBase"]
[SourceQuality "1"]

{[%evp 19,80,-5,23,0,7,16,47,38,27,6,16,14,95,83,67,21,6,12,20,0,0,0,60,-22,-29,-26,-21,-30,-22,-19,-18,-46,-36,-33,-51,-43,0,0,10,0,60,-48,196,-64,-52,-70,-38,-1590,0,-866,0,-866,-855,-796,-791,-29956,-29960,-29958,-12837,-12833,-12831,-12831,-11792]} 1. e4 {[%cal Be2e4,Be4e5][%mdl 32]} e6 2. d4 d5 3. Nc3 Nf6 4. e5 Nfd7 5. f4 c5 6. Nf3 Nc6 7. Be3 Be7 8. Qd2 a6 9. dxc5 Nxc5 {C11: French: Classical System: 4 e5 and 4 Bg5 dxe4} 10. O-O-O O-O {LiveBook: 73 Games} (10... Qa5 11. Kb1 b5 12. h4 Bd7 13. g4 b4 14. Ne2 Ne4 15. Qe1 Rb8 16. Nc1 Nc3+ 17. bxc3 bxc3+ {1-0 (96) Najer,E (2679)-Korobov,A (2695) Poikovsky 2017}) 11. Kb1 b5 {The position is equal.} 12. Qf2 Nd7 13. Bd3 Nb4 14. f5 $146 (14. Qg3 $5 {[%cal Rf4f5]}) ({Predecessor:} 14. h4 Nxd3 15. cxd3 b4 16. Ne2 b3 17. a3 {1-0 (35) Moreira,J (2399)-Dos Reis,L (2379) ICCF email 2011}) 14... Nxd3 15. Rxd3 Kh8 (15... f6 $1 $11 {keeps the balance.}) 16. Qg3 $16 b4 17. fxe6 ({Inferior is} 17. f6 gxf6 18. exf6 (18. Bh6 $2 Rg8 $19) 18... Bxf6 $17) (17. Ne2 {with more complications.} a5 18. Nf4 Ra6 19. h4 exf5 20. h5) 17... fxe6 18. Ne2 Nc5 19. Bxc5 $1 Bxc5 20. Nf4 Rf5 ({Black should try} 20... Qe8 $11) 21. Nd4 (21. Nh4 $1 $14 Rf7 22. Nh3) 21... Bxd4 $1 $11 22. Rxd4 a5 23. Qe3 Qc7 24. Re1 Bd7 25. g4 Rf7 26. Nh3 Rc8 27. Rc1 $1 Bb5 {Threatens to win with ...Rf1.} 28. Ng5 Rf1 {( -> ...Qxc2+)} 29. Rd2 $1 {Rxf1 is the strong threat.} Qc4 (29... Rxc1+ $11 30. Kxc1 Qe7) 30. Qh3 (30. b3 $1 $14 Rxc1+ 31. Kxc1) 30... Rxc1+ $15 31. Kxc1 {[%csl Gg5][%cal Rh3h7]} h6 $40 {[%mdl 128] White needs to defend precisely.} 32. Nf7+ $1 Kg8 $1 33. Rf2 $2 {[%mdl 8192]} (33. Nd6 $15 Qxa2 34. Rg2) 33... Qxa2 $2 {[#]} (33... Qe4 $19 {[%cal Re4e1]} 34. Kd1 Qd4+ 35. Ke1 Qxb2) 34. g5 $2 {[%mdl 8192]} (34. Nxh6+ $1 $11 {[%mdl 512]} gxh6 35. Qf3) 34... Qa1+ $19 35. Kd2 {[#] Threatening mate with Nxh6+!} Rxc2+ $1 {[%mdl 512]} 36. Kxc2 {[#]} b3+ $1 {[%mdl 512]} 37. Kxb3 {[#]} Ba4+ $1 38. Kc3 Qc1+ 39. Kd4 Qc4+ 40. Ke3 Qb3+ {Precision: White = 21%, Black = 56%.} 0-1

[Event "10th KiiT Festival 2017"]
[Site "Bhubaneshwar"]
[Date "2017.05.30"]
[Round "7"]
[White "Aronyak Ghosh"]
[Black "Anantha krishna Nayak M"]
[Result "0-1"]
[WhiteElo "2191"]
[BlackElo "1267"]
[Annotator "TA"]
[PlyCount "102"]
[EventDate "2017.05.26"]
[EventType "swiss"]
[EventCountry "IND"]
[SourceTitle "playchess.com"]
[Source "ChessBase"]
[SourceQuality "1"]

{[%evp 9,102,18,21,0,-5,-74,-57,-75,-52,-58,-35,-50,-35,-39,-32,-30,-29,-33,-20,-22,-22,-38,-39,-37,-41,-45,-38,-46,-31,-56,-52,-61,-61,-63,-45,-66,-66,-60,-59,-70,-70,-70,-70,-90,-95,-104,-67,-78,-64,-77,-64,-71,-42,-63,-45,-55,-45,-51,-61,-115,-106,-134,-130,-118,-115,-141,-140,-139,-117,-96,-74,-74,-73,-71,-68,-231,-231,-231,-231,-231,-231,-377,-377,-377,-377,-1168,-254,-6242,-5097,-29974,-2227,-29976,-29976,-29976,-29977]} 1. d4 Nf6 2. Bf4 d5 3. e3 c5 4. Nc3 (4. c3 Nc6 5. Nd2 e6 6. Ngf3 Bd6 7. Bg3 O-O 8. Bb5 a6 9. Bxc6 bxc6 10. Qa4 Rb8 11. Qa3 Bxg3 12. hxg3 cxd4 13. cxd4 a5 14. O-O Qb6 15. b3 Ba6 {1-0 (24) Carlsen,M (2840)-Anand,V (2779) Doha 2016}) 4... a6 5. dxc5 Qa5 6. Bd3 {D00: 1 d4 d5: Unusual lines} Nc6 7. Qd2 $146 (7. a3 $11) ({Predecessor:} 7. Nf3 Bg4 8. Qd2 Bxf3 9. gxf3 e5 10. Bg5 O-O-O 11. a3 d4 {½-½ (62) Aronyak,G (2193)-Ranadheer,B (1613) Gujarath 2016}) 7... e5 $17 8. Bg5 {Threatening Bxf6.Black is slightly better.} Be6 9. e4 dxe4 10. Nxe4 Nxe4 11. Bxe4 Qxd2+ 12. Bxd2 Bxc5 13. Nf3 O-O-O 14. O-O-O f6 15. Be3 Bxe3+ 16. fxe3 Ne7 (16... Bxa2 17. Bxc6 bxc6 18. b3 $16) 17. Bd3 Rd7 ({Reject} 17... Bxa2 $6 18. b3 $16) 18. a3 h5 19. h3 h4 20. Rhe1 Bd5 {Hoping for ...e4.} 21. Be2 Be4 22. Rxd7 Kxd7 23. Rd1+ Kc7 24. Bd3 Bc6 {aiming for ...e4.} 25. e4 Ng6 26. Re1 Nf4 27. Bf1 b5 28. Kd2 Kd6 29. Ke3 g6 30. Rd1+ Ke6 31. Ne1 f5 32. Nd3 Nxd3 33. cxd3 $15 {[%mdl 4096] Endgame [#] KRB-KRB} b4 $1 {[%mdl 512]} 34. axb4 ({White should try} 34. Rc1 $15 Bb5 35. Rc7) 34... Rd8 $17 35. Rc1 Bb5 36. Be2 Rd4 37. Rc3 Rxb4 38. exf5+ gxf5 39. b3 e4 40. Kf2 Kd5 {White must now prevent ...Kd4.} 41. dxe4+ Kd4 42. Bxb5 $2 ({Better is} 42. Rc7 $15) 42... Kxc3 $19 43. Bxa6 Rxe4 $15 {KR-KB} ({Don't do} 43... fxe4 44. Ke3) 44. Bc8 Kd4 ({Weaker is} 44... Kxb3 45. g3 $15) 45. Kf3 {[#]} (45. Kg1 {might work better.}) 45... Ke5 $1 $19 46. Ba6 Re1 47. Bc4 $2 (47. Bd3) 47... Rc1 $2 (47... Rb1 48. Bg8 Rc1) 48. Kf2 $2 (48. Bf7) 48... Ke4 49. Be2 Rb1 (49... Rc2 $142 50. b4 Kf4 51. b5 Rb2 52. b6 Rxb6 53. Ke1 Ke3 54. Kd1 Rb1+ 55. Kc2 Kxe2 56. Kc3 Kf1 57. Kd4 Kxg2 58. Kc5 f4 59. Kd6 f3 60. Ke5 f2 61. Kd5 f1=Q 62. Kd6 Qd3+ 63. Ke6 Rb6+ 64. Ke5 Rh6 65. Kf4 Rh5 66. Kg4 Qf5#) 50. b4 Kf4 51. b5 Rb2 {Precision: White = 34%, Black = 71%.} 0-1

[Event "10th KiiT Festival 2017"]
[Site "Bhubaneshwar"]
[Date "2017.05.30"]
[Round "7"]
[White "Neelash Saha"]
[Black "Sardana, Rishi"]
[Result "0-1"]
[WhiteElo "2191"]
[BlackElo "2390"]
[Annotator "TA"]
[PlyCount "56"]
[EventDate "2017.05.26"]
[EventType "swiss"]
[EventCountry "IND"]
[SourceTitle "playchess.com"]
[Source "ChessBase"]
[SourceQuality "1"]

{[%evp 16,56,1,0,7,-23,2,0,2,0,0,-26,-29,-24,-25,-12,-14,-13,6,-14,20,25,31,15,17,0,0,12,5,-12,-7,-124,-110,-166,-92,-96,-56,-625,-635,-779,-750,-808,-470]} 1. d4 d5 2. Bf4 Nf6 3. e3 c5 4. c3 Nc6 5. Nd2 e6 6. Bd3 Bd6 7. Bxd6 {D00: 1 d4 d5: Unusual lines} Qxd6 8. f4 Bd7 {[%cal Bc8d7,Bd7a4,Ba4b5][%mdl 32]} 9. Nh3 {LiveBook: 4 Games. The position is equal.} (9. a3 Ne7 10. Ngf3 Qb6 11. b4 cxd4 12. cxd4 Bb5 13. Qe2 Bxd3 14. Qxd3 Nf5 {1-0 (68) Nyzhnyk,I (2613)-Naroditsky,D (2646) chess.com INT 2017}) 9... O-O 10. Qf3 Ne7 $146 ({Predecessor:} 10... Ne8 11. O-O f5 12. Ng5 c4 13. Bc2 h6 14. Nh3 b5 15. g4 b4 16. gxf5 exf5 17. Nf2 bxc3 18. bxc3 Nf6 19. Qe2 Qa3 {0-1 (19) Pauselli,C-Calio,M ICCF email 2011}) 11. O-O Qb6 12. Rfb1 Ba4 13. b3 Bb5 14. c4 Bd7 15. dxc5 Qxc5 16. b4 Qd6 {Hoping for ...dxc4.} 17. Nf2 Nc6 18. a3 Rfd8 19. Rd1 Qe7 20. Nb3 {next b5 is good for White.} dxc4 21. Bxc4 {Black must now prevent b5.} Rac8 22. Nc5 Be8 23. Bd3 {[#]} (23. Ng4 $11) 23... a5 $1 $17 24. Nfe4 {[#]} (24. Nce4 $17) 24... axb4 (24... Nd5 $1 $19 25. b5 Na7) 25. Nxf6+ Qxf6 26. Nxb7 $2 {[%mdl 8192] [#]} (26. axb4 $15 Nxb4 27. Qxb7 Nxd3 28. Nxd3) 26... Rxd3 $1 $19 {[%mdl 512] Black is clearly winning.} 27. Rxd3 {aiming for Rdd1.} Qxa1+ 28. Rd1 Qc3 {Precision: White = 31%, Black = 52%.} 0-1

[Event "10th KiiT Festival 2017"]
[Site "Bhubaneshwar"]
[Date "2017.05.30"]
[Round "7"]
[White "Mohammad Fahad, Rahman"]
[Black "Rathanvel, V S"]
[Result "0-1"]
[WhiteElo "2169"]
[BlackElo "2361"]
[Annotator "TA"]
[PlyCount "88"]
[EventDate "2017.05.26"]
[EventType "swiss"]
[EventCountry "IND"]
[SourceTitle "playchess.com"]
[Source "ChessBase"]
[SourceQuality "1"]

{[%evp 13,88,-21,-9,-25,29,25,31,18,31,21,42,32,108,103,116,72,75,84,209,222,220,185,404,401,483,310,308,308,305,243,222,229,193,5,7,12,95,101,211,211,204,180,179,0,0,-322,-329,-441,-417,-421,-413,-492,-485,-478,-471,-670,-670,-778,-763,-710,-625,-883,-876,-29987,-1917,-29991,-29989,-29994,-29995,-29995,-29996,-29996,-29997,-29997,-29995,-29995,-1200]} 1. c4 e5 2. g3 Nf6 3. Nc3 Bb4 4. Bg2 O-O 5. Nd5 Nxd5 6. cxd5 c6 {A22: English Opening: 1...e5 2 Nc3 Nf6} (6... d6 7. a3 Bc5 8. e3 Bf5 9. Ne2 Nd7 10. O-O Bb6 11. d4 Qe7 12. e4 Bg4 13. f3 Bh5 14. Be3 {½-½ (84) Harika,D (2514)-Potkin,V (2597) Almaty 2016}) 7. a3 Be7 {LiveBook: 3 Games} 8. e3 Qa5 (8... d6 $142) 9. Ne2 $11 {[%cal Bg1e2,Be2c3,Bc3e4][%mdl 32]} d6 $146 ({Predecessor:} 9... cxd5 10. O-O Nc6 11. d4 d6 12. dxe5 dxe5 13. Qxd5 Rd8 14. Qxa5 Nxa5 {1-0 (49) Bennewitz,B (1977)-Beckett,P (1964) ICCF email 2009}) 10. b4 Qb6 11. O-O Bf5 12. d4 cxd5 (12... Nd7 $14) 13. Nc3 $36 {[%mdl 2048] White has strong initiative.} (13. Bxd5 $6 Nd7 $11) 13... Be6 14. Bxd5 Bh3 15. Re1 exd4 (15... Nd7 $16 {keeps fighting.}) 16. exd4 $18 Bf6 17. Qh5 {White threatens Qxf7+! and mate.} Bd7 $2 (17... Be6 {is a better defense.}) 18. Ne4 Qxd4 19. Be3 Qe5 20. Nxf6+ Qxf6 21. Bxb7 Bc6 22. Bxa8 Bxa8 23. Qg4 $2 ({Don't play} 23. Bxa7 $6 Nc6 $14) ({White should play} 23. Rad1 $18) 23... Nc6 $1 $11 {[%cal Rc6e5] aiming for ...Ne5.} 24. Qf4 {Strongly threatening Qxf6.} Qe7 (24... Qe6 $1 $11 {keeps the balance.}) 25. Bc5 $16 Qb7 (25... Ne5 $16) 26. Qxd6 $18 {[%csl Gc5][%cal Rd6f8]} Ne7 {[%csl Ga8][%cal Rb7h1]} 27. Kf1 Ng6 {[#] intending ...Qb5+.} 28. Ke2 $2 ({Better is} 28. a4 $1 $18) 28... Qc8 $1 $11 {Hoping for ...Rd8.} 29. Rac1 $2 {[%mdl 8192]} ({Avoid the trap} 29. Kd2 $2 Rd8 $19) (29. Red1 $11 Re8+ 30. Be3 (30. Kd2 $2 Rd8 $19)) 29... Rd8 $19 30. Rcd1 Rxd6 31. Rxd6 Ne5 32. Kd1 Bf3+ 33. Kc1 f6 34. Rd4 (34. Rxe5 $142 fxe5 35. Rd3) 34... Qa6 35. Re3 Qf1+ 36. Kc2 h6 37. Kb3 Qb1+ 38. Ka4 Qc2+ (38... Bc6+ $142 39. Ka5 Qc2 40. b5 Qxc5 41. Rb4 {[#]} Be4 $1 {[%mdl 512]} 42. Rexe4 Nc6+ 43. Ka4 Qc2+ 44. Rb3 Qxe4+ 45. Rb4 Qc2+ 46. Rb3 Qc4+ 47. Rb4 Nxb4 48. Ka5 Nd5 49. h4 Nc7 50. h5 Qxb5#) 39. Ka5 Bc6 {[%csl Gc6][%cal Rc2a4] Black mates.} 40. Bxa7 Qa4+ 41. Kb6 Qb5+ 42. Kc7 Qb7+ 43. Kd6 Qd7+ 44. Kc5 Qxa7+ {Precision: White = 36%, Black = 44%.} 0-1

[Event "10th KiiT Festival 2017"]
[Site "Bhubaneshwar"]
[Date "2017.05.30"]
[Round "7"]
[White "Wagh Suyog"]
[Black "Arjun Kalyan"]
[Result "1-0"]
[WhiteElo "2138"]
[BlackElo "2322"]
[Annotator "TA"]
[PlyCount "88"]
[EventDate "2017.05.26"]
[EventType "swiss"]
[EventCountry "IND"]
[SourceTitle "playchess.com"]
[Source "ChessBase"]
[SourceQuality "1"]

{[%evp 19,88,-2,0,-2,-3,-28,-28,-28,-27,-38,-34,-47,-47,-37,-35,-35,-43,-31,-28,-30,22,-27,0,0,0,-4,9,-37,-32,-68,-42,-35,-34,-41,-11,-54,-29,-41,12,7,16,0,11,0,6,-8,-5,-12,-11,0,0,0,0,-21,-22,-22,-31,-25,0,0,20,15,15,15,99,116,100,79,111,66,1126]} 1. d4 d5 2. Bf4 Nf6 3. e3 c5 4. c3 Nc6 5. Nd2 Qb6 (5... e6 6. Ngf3 Bd6 7. Bg3 O-O 8. Bb5 a6 9. Bxc6 bxc6 10. Qa4 Rb8 11. Qa3 Bxg3 12. hxg3 cxd4 13. cxd4 a5 14. O-O Qb6 15. b3 Ba6 {1-0 (24) Carlsen,M (2840)-Anand,V (2779) Doha 2016}) 6. Qb3 {D00: 1 d4 d5: Unusual lines} c4 7. Qc2 g6 8. Ngf3 Bf5 9. Qc1 Bg7 10. Be2 O-O {LiveBook: 3 Games} 11. O-O Nh5 12. Bg3 Nxg3 13. hxg3 Qc7 $146 14. Re1 b5 15. Bf1 Bd7 16. e4 e6 17. e5 $1 Rab8 18. Nh2 {[%cal Bf3h2,Bh2g4,Bg4e3][%mdl 32]} b4 19. Ndf3 h6 (19... f6 $142 20. exf6 Bxf6) 20. Be2 (20. Ng4 $5 {[%cal Rg4h6]} bxc3 21. Nxh6+ Kh7 22. Ng5+ Kh8 23. Ngxf7+ Rxf7 24. Nxf7+ Kg8 25. bxc3 (25. Nh6+ Kh7 $11) 25... Kxf7 26. Rb1 $11) 20... Kh7 {[%cal Bg8h7,Bh7h8,Bh8g7][%mdl 32]} 21. Bd1 Ne7 22. Ng4 Ng8 23. Kh2 h5 24. Ng5+ Kh8 25. Ne3 Bh6 26. f4 Kg7 27. g4 f6 28. Nh3 $1 hxg4 (28... fxe5 $15 29. dxe5 Kh8) 29. Nxg4 $11 f5 30. Ne3 Ne7 31. g3 Rb7 32. Rg1 Rh8 33. Ng2 Qb6 34. Bc2 Qa5 35. Bd1 Rhb8 36. Ne1 bxc3 37. bxc3 Rb2+ 38. Rg2 Qb6 39. Bc2 Kf7 (39... Qa5 $5 {[%cal Ra5c3]} 40. Bd1 Qb6 $17) 40. Nf2 Qa5 41. Nd1 Rxa2 (41... R2b7 $11 {remains equal.}) 42. Rxa2 $16 Qxa2 {[#]} 43. Bxf5 $1 {[%mdl 512]} Qa5 (43... exf5 44. Rxa2) 44. Bb1 Qa1 $2 {[%mdl 8192] Precision: White = 49%, Black = 47%.} (44... Rb3 $14) 1-0

[Event "10th KiiT Festival 2017"]
[Site "Bhubaneshwar"]
[Date "2017.05.30"]
[Round "7"]
[White "Cholleti Sahajasri"]
[Black "Erigaisi Arjun"]
[Result "0-1"]
[WhiteElo "2133"]
[BlackElo "2338"]
[Annotator "TA"]
[PlyCount "168"]
[EventDate "2017.05.26"]
[EventType "swiss"]
[EventCountry "IND"]
[SourceTitle "playchess.com"]
[Source "ChessBase"]
[SourceQuality "1"]

{[%evp 21,168,-40,-25,-58,-58,-64,-56,-70,-51,-62,-49,-63,-59,-59,-59,-64,-50,-56,-50,-64,-60,-58,-50,-60,-52,-53,-32,-43,-47,-54,-44,-70,-42,-41,-24,-24,-24,-29,-23,-47,-18,-48,-42,-50,0,-19,0,0,-5,-8,0,0,0,-139,-143,-142,-61,-79,-66,-178,-186,-186,-186,-186,-186,-186,0,0,0,0,0,0,0,0,0,-492,-492,-492,-468,-10658,-8441,-6502,-2718,-3018,-2591,-2217,-1716,-1254,-89,-261,0,-70,0,-969,-925,-719,-727,-2716,-1523,-12838,-12839,-12839,0,-12834,-12835,-12835,-12835,-12835,-12836,-12836,-2534,-12847,-12847,-12848,-12848,-12850,-12850,-12850,-29969,-29940,-29941,-12851,-29969,-12851,-29970,-29968,-29969,-12851,-29975,-12851,-29972,-12851,-29981,-12851,-29982,-12851,-29981,-12851,-29982,-12851,-29983,-12851,-29984,-12851,-29985,-12851,-29986,-12851,-29988]} 1. Nf3 d5 2. d4 c6 3. c4 e6 4. e3 Nd7 5. Bd3 Bd6 6. O-O dxc4 7. Bxc4 Ngf6 8. Nbd2 O-O 9. Qc2 Qe7 10. Ne4 Nxe4 11. Qxe4 e5 12. Qh4 $146 {D46: Semi-Slav: 5 e3 Nbd7 6 Bd3, Black avoids the Meran} ({Predecessor:} 12. dxe5 Nxe5 13. Nxe5 Qxe5 14. Qxe5 Bxe5 15. Rd1 Bf5 16. e4 Be6 17. Bxe6 fxe6 18. Be3 Rfd8 19. Rab1 b6 {1-0 (50) Labuckas,A (2301)-Vaznonis,V (2279) Vilnius 2007}) 12... Qxh4 13. Nxh4 Nb6 14. Bb3 {Black is slightly better.} exd4 15. exd4 Re8 16. Be3 Be6 17. Bxe6 Rxe6 18. Bd2 f6 {[%cal Bf7f6,Bf6f5,Bf5f4][%mdl 32]} 19. g3 Kf7 20. Ng2 Rd8 21. Bc3 f5 22. Rfe1 Rxe1+ 23. Rxe1 Be7 24. Ne3 g6 25. g4 f4 26. Nc2 Bf6 27. Re4 Nd5 28. Ne1 g5 29. Nd3 h6 30. Kg2 Nc7 31. Ne5+ Bxe5 32. Rxe5 $15 {[%mdl 4096] Endgame KRB-KRN} Nb5 33. Re4 Rd5 34. h4 b6 35. Kf3 Nc7 36. hxg5 hxg5 37. Re5 (37. Re1 $11 {remains equal.}) 37... Rxe5 $1 $17 38. dxe5 {KB-KN} c5 39. Ke4 Ke6 40. f3 ({Better is} 40. b3 $15) 40... Nd5 $19 41. Be1 Ne3 42. b3 a6 $1 43. Bd2 Nf1 $2 (43... Nd1 $1 $19 {[%cal Rd1f2]} 44. Be1 Ne3) 44. Bc3 $11 Ng3+ 45. Kd3 Kd5 46. a4 Nf1 47. e6 Kxe6 48. b4 $2 {[%mdl 8192]} (48. Bg7 $11 {and White stays safe.}) 48... cxb4 $19 49. Bxb4 Ne3 50. Ke4 (50. a5 $142 b5 51. Bc3) 50... Nd5 51. Bd2 Nf6+ 52. Kd4 Nd7 53. Bb4 Ne5 54. Ke4 Nc4 $2 (54... Nc6 $19 {has better winning chances.} 55. Bf8 b5 56. axb5 axb5) 55. Bc3 $2 (55. Kd4 $17 Ne5 56. Ke4) 55... Ne3 $2 ({Black should play} 55... a5 $1 $19 56. Bd4 Nd6+ 57. Kd3 b5 58. axb5 Nxb5) 56. Bb4 $15 Nd5 $2 {[%mdl 8192]} (56... a5 $15 57. Ba3 Nc4) 57. Bd2 $19 {Now a5 and White clings on.} Ne7 $1 58. Bc3 Nc6 $1 59. Bb2 b5 60. axb5 axb5 61. Ba3 Kf6 $2 (61... b4 $19 62. Bb2 b3) 62. Bf8 $2 {[%mdl 8192]} (62. Bb2+ $11 Ke6 63. Bc3) 62... b4 63. Kd5 b3 64. Ba3 Ne7+ $1 65. Kc4 Ng6 $1 {[%cal Rg6e5]} 66. Kxb3 Nh4 $1 {[%cal Rh4f3]} 67. Kc4 Nxf3 68. Kd3 Ne5+ 69. Ke4 Nxg4 70. Bd6 Nf2+ 71. Kf3 Nd3 72. Ke4 Ke6 73. Ba3 Nf2+ 74. Kf3 Nd1 75. Ke4 Nc3+ 76. Kf3 Kf5 77. Bd6 g4+ 78. Kg2 Ne4 (78... f3+ $19 79. Kg1 Ne2+ 80. Kh2 Ke4 81. Bb8 g3+ $1 {[%mdl 512]} 82. Kh3 f2 83. Kg2 Nf4+ 84. Bxf4 Kxf4 85. Kf1 Ke3 86. Kg2 Ke2 87. Kxg3 f1=Q 88. Kg4 Qf6 89. Kh5 Qg7 90. Kh4 Qg6 91. Kh3 Kf3 92. Kh4 Qh6#) 79. Bc7 Nf6 (79... f3+ $19 80. Kg1 g3) 80. Kf2 Ke4 (80... f3 $19 81. Kg1 Ne4) 81. Kg2 Nh5 (81... f3+ $19 82. Kf1 Nh5) 82. Bb6 f3+ 83. Kf1 g3 84. Bc7 Nf4 {Precision: White = 44%, Black = 62%.} (84... g2+ $19 85. Kg1 Nf4 86. Bb6 Ne2+ 87. Kh2 {[#]} g1=Q+ $1 {[%mdl 512]} 88. Bxg1 Nxg1 89. Kg3 Ne2+ 90. Kf2 Kf4 91. Ke1 Ke3 92. Kf1 Ng3+ 93. Ke1 f2+ 94. Kd1 f1=Q+ 95. Kc2 Qb5 96. Kc3 Ne2+ 97. Kc2 Qb4 98. Kd1 Qd2#) 0-1